=LDR 00000nam 2200000 4500 =001 INLIS000000000039247 =005 20130612144904 =008 ***********************************Ind** =035 ##$$a0010-061300000039247 =041 ##$$a Ind =082 ##$$a 610.020 24 =090 ##$$a 610.020 24, Har h =245 ##$$a Harrison Manual Kedokteran, Anthony S.Fauc MD..[ et al ] =260 ##$$a 2010 $b Jakarta =300 ##$$a 252 Hlm, 23 Cm =700 ##$$a Dr.Andry Hartono =850 ##$$a NBPNMAT =990 ##$$a 91693/BPAP-NTB/2014